Score 0/12 Timer 04:00
0 Plays Today
Question Answer % Correct
The liquorice plant is native to two continents - name oneEurope
89%
Of the top 8 liquorice producing countries name oneAfghanistan
55.1%
Excessive consumption of liquorice will do damage to a person's what?Liver
34.6%
The name liquorice is derived from Old French via Greek, what does it literally mean?Sweet root
27.2%
Which company are the original makers of 'Liquorice Allsorts'?Bassetts
19.1%
What is sold at a Salmiakkikioski in Helsinki?Salmiakki
18%
In comparative studies of pregnant women liquorice has been known to affect a child's what?IQ
14.7%
The main industry that uses liquorice is?Tobacco industry
11.8%
When you eat liquorice the bulk of the flavour actually comes from what?Aniseed
10.3%
In parts of England liquorice allsorts are known colloquially as?Spanish
7.4%
Liquorice is the main ingredient of a popular soft drink in Egypt called?Erk-soos
6.6%
In China liquorice is eaten to treat what?Tuberculosis
6.6%
Remove Ads.
Support Sporcle.
Get the best of Sporcle when you Go Orange. This ad-free experience offers more features, more stats, and more fun while also helping to support Sporcle. Thank you for becoming a member.

You're not logged in!

Compare scores with friends on all Sporcle quizzes.
OR
Log In

Show Comments

Extras

Top Quizzes Today


Score Distribution

Your Account Isn't Verified!

In order to create a playlist on Sporcle, you need to verify the email address you used during registration. Go to your Sporcle Settings to finish the process.

Report this User

Report this user for behavior that violates our Community Guidelines.

Details: